Statistics for States of the German Empire (1871-1918)

Click here to take the quiz!

General Stats

  • This quiz has been taken 600 times
  • The average score is 12 of 26

Answer Stats

Answer% Correct
Bavaria, Kingdom of
97%
Prussia, Kingdom of
95%
Saxony, Kingdom of
86%
Baden, Grand Duchy of
77%
Hamburg, Free city of
73%
Hesse, Grand Duchy of
72%
Bremen, Free city of
65%
Württemberg, Kingdom of
53%
Anhalt, Duchy of
49%
Oldenburg, Grand Duchy of
47%
Lübeck, Free city of
42%
Alsace-Lorraine, Imperial Province of
37%
Lippe, Principality of
37%
Brunswick, Duchy of
36%
Mecklenburg-Schwerin, Grand Duchy of
29%
Reuss, Principality of (Elder line)
29%
Reuss, Principality of (Younger line)
29%
Saxe-Coburg-Gotha, Duchy of
29%
Mecklenburg-Strelitz, Grand Duchy of
28%
Waldeck, Principality of
26%
Saxe-Altenburg, Duchy of
22%
Saxe-Meiningen, Duchy of
22%
Saxe-Weimar-Eisenach, Grand Duchy of
21%
Schaumburg-Lippe, Principality of
20%
Schwarzburg-Rudolstadt, Principality of
17%
Schwarzburg-Sondershausen, Principality of
16%

Score Distribution

Percentile by Number Answered

Percent of People with Each Score

Your Score History

You have not taken this quiz